Riconosci il Pokémon - Quiz n°427 - Statistics

Statistiche generali
  • Questo quiz è stato fatto 2 volte
  • Il punteggio medio è 6 su 10
Statistiche sulle risposte
Indizio Risposta % Corretto
Stadio evoluzione Forma Base
100%
Tipo Spettro
100%
Generazione Terza
100%
Altezza 0,80 m
50%
Peso 15,0 kg
50%
Tasso di cattura 190 (35.2%)
50%
Sesso 50% ♂, 50% ♀
50%
Abilità Levitazione; Indagine
50%
Tasso di allevamento Veloce
50%
Pokémon Duskull
0%
Nessun quiz corrispondente trovato
Distribuzione punteggi
Percentuale di utenti per punteggio
Percentile per numero di risposta
I tuoi punteggi nel tempo
Non hai fatto questo quiz